| 000 | 00713cam a2200157 4500500 | ||
|---|---|---|---|
| 005 | 20260322003554.0 | ||
| 041 | _afre | ||
| 042 | _adc | ||
| 100 | 1 | 0 |
_aMorin, Olivier _eauthor |
| 245 | 0 | 0 | _aLe Partenariat euro-méditerranéen |
| 260 | _c2005. | ||
| 500 | _a72 | ||
| 520 | _aRésuméLa Déclaration de Barcelone a presque dix ans. Document fondateur du Partenariat euro-méditerranéen, elle vise la construction d’une zone de paix, de prospérité et de stabilité partagée. Qu’en est-il aujourd’hui de ces objectifs ambitieux? | ||
| 786 | 0 | _nÉtudes | 402 | 2 | 2005-02-01 | p. 163-174 | 0014-1941 | |
| 856 | 4 | 1 | _uhttps://shs.cairn.info/revue-etudes-2005-2-page-163?lang=fr&redirect-ssocas=7080 |
| 999 |
_c1733210 _d1733210 |
||